000 00532nam a2200169 a 4500
005 20140412111307.0
008 010402s19uu xx 00 eng d
020 _a0-914395-01-7
050 _aTR(GS 372.4
_bH11 1984
100 _aHargrave, Rowena
245 _aThe red book :
_bbasic reading skills /
_cRowena Hargrave; Ruth Bersin.
260 _aPeotone, Illinois :
_bContemporary Learning Materials, Inc,
_c1984.
300 _a112 p. ; ill.
440 _aContemporary Learning Materials
650 _aReading
999 _c103727
_d103727